Quizzes
Events
Quiz Creation
Community
Videos
Private Events
Remove Ads
Sign In
Join for FREE
Feedback
Dark Mode
Quiz Categories
Sports
Geography
Music
Movies
Television
Just For Fun
Miscellaneous
History
Literature
Language
Science
Gaming
Entertainment
Religion
Holiday
For Kids
Quiz Lab
Recent
Popular Today
Quiz Kudos Today
Editor Picks
Curator Picks
Quizzes by...
Day
Popularity
Type
Ratings
Length
Year
Community
Subscriptions
Recent Discussions
Orange Saloon
Badges
Playlists
Quests
Create
Leaderboards
Showdown
Live 5
Trivia Bingo
Activity
Puzzle Library
Sporcle Events
Private Events
Virtual Trivia
Globe League
Become a Host
Pub Owners
SporcleCon
Opinionation
Our Games
Videos
Blog
Mobile Apps
Partnerships
Remove Ads and Go Orange
Feedback
Sports
Athletes
MLB
NBA
NHL
NFL
Soccer
Sports Teams
WWE
NCAA
Football
Premier League
Basketball
Baseball
Hockey
Golf
Tennis
Cricket
Rugby
Auto Racing
Olympics
World Cup
Sports
Athletes
MLB
NBA
NHL
NFL
Soccer
Sports Teams
WWE
NCAA
Football
Premier League
Basketball
Baseball
Hockey
Golf
Tennis
Cricket
Rugby
Auto Racing
Olympics
World Cup
Random Quiz
Search Sporcle
×
Quiz Lab
Quiz Lab
Sports
AFL
Type in answers that appear in a list
Type in answers that appear in a list
Classic
Best Score? Go Orange.
Essendon Players since 2010 Stats
Can you name all the Essendon Players since 2010?
By
schods7
13m
102 Questions
669 Plays
669 Plays
669 Plays
Comments
Comments
Give Quiz Kudos
Give Quiz Kudos
-
- Ratings
hide this ad
Replay
Link that replays current quiz
Next Quiz
Link to next quiz in quiz playlist
You Got
0%
They Got
Avg Score
55%
Avg Friend Score
Upgrade to see
Score Distribution
Jump to the score distribution portion of the page
Score
0/102
Timer
13:00
0
Plays Today
Year
Player Name
% Correct
1993-
2015
Dustin Fletcher
96.1%
2003-
15, 2017
Jobe Watson
93.3%
2009-
15, 2017-
Michael Hurley
90.4%
2011-
15, 2017-
Dyson Heppell
90.1%
2013-
Joe Daniher
88.3%
2008-
15, 2017-
Cale Hooker
88%
2014-
Zach Merrett
86.8%
2012-
Jackson Merrett
86.2%
2018-
Devon Smith
84.9%
2004-
15, 2017
Brent Stanton
84.6%
2018-
Jake Stringer
84.3%
2008-
15, 2017-
Tom Bellchambers
83.4%
2009-
David Zaharakis
83.1%
2016-
Darcy Parish
82.8%
2018-
Adam Saad
81.6%
2017-
Andrew McGrath
80.4%
2006-
14
Paddy Ryder
79.8%
2013-
Brendon Goddard
79.2%
2014-
Orazio Fantasia
76.6%
2001-
13
David Hille
74.8%
1999-
2012
Mark McVeigh
72.6%
2007-
13
Alwyn Davey
70.9%
2016-
17
James Kelly
70.9%
2008-
15, 2017-
David Myers
70.5%
2005-
12
Angus Monfries
70.3%
2004-
13
Nathan Lovett-Murray
69.1%
2016-
Aaron Francis
68.4%
2016-
Mitch W. Brown
67.3%
2003-
15
Jason Winderlich
66.1%
2007-
14
Leroy Jetta
66%
2015-
Conor McKenna
65.7%
2014-
15
Paul Chapman
65.4%
2006-
16
Courtenay Dempsey
65.2%
2007-
15, 2017
Heath Hocking
65.1%
Year
Player Name
% Correct
2015-
Jayden Laverde
64.8%
2015-
Kyle Langford
63.7%
2017-
James Stewart
63.7%
2010-
15
Jake Melksham
63.1%
2016-
Matt Dea
63.1%
2018-
Jordan Ridley
62.4%
2011-
15
Michael Hibberd
61.9%
2016-
Anthony McDonald-Tipungwuti
61.9%
2010-
15
Jake Carlisle
61.6%
2018-
Dylan Clarke
61%
2010-
13
Stewart Crameri
60.7%
2010-
15, 2017-
Travis Colyer
60.7%
2016
Mathew Stokes
60.1%
2014-
Martin Gleeson
59.8%
2015-
Shaun McKernan
59.8%
2007, 2010, 2012-
13
Scott Gumbleton
59.7%
2016, 2018-
Jake Long
59.5%
2008-
13, 2015
Tayte Pears
58.8%
2002-
11
Andrew Welsh
57.9%
2004-
12
Ricky Dyson
57.9%
2012-
Mark Baguley
57.1%
2017-
Josh Green
56.7%
2007-
12
Kyle Reimers
56.1%
2018-
Matt Guelfi
55.2%
2016
Ryan Crowley
55%
2014-
Patrick Ambrose
54.1%
2010-
15, 2017
Ben Howlett
53.2%
2015-
16
Adam Cooney
53.2%
2016-
Michael Hartley
51.4%
2017-
Josh Begley
50.1%
2005-
12
Henry Slattery
49.6%
2010
Tyson Slattery
49.6%
2016
Mark Jamar
49.6%
2016, 2018-
Mason Redman
49.3%
Year
Player Name
% Correct
2009-
11
Brent Prismall
47.8%
2007-
10
Jay Neagle
47.2%
2006, 2008-
12
Sam Lonergan
45.4%
2007-
10
Bachar Houli
45%
2018-
Kobe Mutch
44.4%
2016-
17
Craig Bird
43.5%
2016-
Matthew Leuenberger
43%
2012-
13, 2015
Nick O'Brien
42.3%
2010
Mark Williams
42.1%
2014-
15
Ariel Steinberg
41.5%
2016
Nathan Grima
41.2%
2016
Sam Michael
40.5%
2011-
12, 2015
Alex Browne
40.2%
2016
Sam Grimley
39.9%
2015-
16
James Gwilt
39%
2013, 2016
Nick Kommer
38.2%
2016
James Polkinghorne
36.4%
2010-
14
Kyle Hardingham
36.3%
2015-
16
Shaun Edwards
35.5%
2009-
10
Michael Quinn
34.2%
2008-
10
Jarrod Atkinson
34%
2015
Jonathan Giles
32.7%
2017-
Ben McNiece
32.1%
2016
Jonathan Simpkin
31.6%
2012-
15
Elliott Kavanagh
30.3%
2013, 2015-
16
Will Hams
29.4%
2014-
16
Jason Ashby
27.6%
2012-
14
Cory Dell'Olio
27.4%
2012
Brendan Lee
25.6%
2014
Kurt Aylett
24.4%
2011
Michael Ross
19.3%
2010
Marcus Marigliani
18.4%
2013
Lauchlan Dalgleish
18.3%
2014
Dylan van Unen
17.5%
Quiz Playlist
Details
Report
Send in Message
Add To Playlist
Classic:
Type in answers that appear in a list
Last Updated: Aug 4, 2018
Quiz Scoreboard
CHALLENGE
Sign Up to Join the Scoreboard
Show All
Scores
Hide
Comments
May contain spoilers
Recently Published
9x9 Crossword: Cartoon Network
by jackfrog10
Miscellaneous
3m
College Basketball Coaching Resumes
by pancakes188
Sports
9m
Billboard Blitz: Fleetwood Mac
by CooCooCachoo
Music
15s
More to Explore
Quiz From the Vault
Featured Blog Post
Where Did the Easter Bunny Come From?
hide this ad
You Might Also Like...
Tags
AFL
AFL Teams
essendon
Today's Top Quizzes in Sports
Browse Sports
hide this ad
Today's Top Quizzes in AFL
Browse AFL
Top Contributed Quizzes in Sports
1
2022 World Cup Stars
2
Les meilleurs buteurs des matchs entre le PSG et l’OM
3
FIFA Club World Cup Champions
4
Les entraîneurs de l'OM et du PSG au 21e siècle
5
Criteria MLB: Left Handed Sluggers
6
AFC Teams Reveal (Wrong Answers Minefield)
7
2023 MLB Unique Player Accomplishments
8
5-to-1: FBS Animal Nicknames
9
Players with Multiple 50 Home Run Seasons
10
5-to-1: UK Sports Teams
Explore More
Trending Topics
Crossword
Marvel
NBA
Anime
Disney
Kpop
Harry Potter
The Office
WWE
Puzzle
Soccer
Pokémon
Song
Country
NFL
hide this ad
More By:
schods7
Quiz
Plays
Rating
Category
Featured
Created
Collingwood Players since 2010
671
5.00
Sports
May 18, 2017
Essendon Players since 2010
669
5.00
Sports
Jul 2, 2017
Top 300 AFL Players (End of 2017 H&A)
585
Sports
Sep 14, 2017
Richmond Players since 2010
523
5.00
Sports
Jun 27, 2017
Western Bulldogs Players since 2010
477
5.00
Sports
Jun 25, 2017
Go to Creator's Profile
Score Distribution
Quiz Creator Spotlight
schods7
Follow
Send a Message
Quizzes Created
-
Created Quiz Play Count
-
More By This Creator
Popular Quizzes Today
1
Find the US States - No Outlines Minefield
2
Find the Countries of Europe - No Outlines Minefield
3
The Countries of the World
4
Find the US States
5
Risky Map Clicking: Biggest States A-Z
6
US States
7
Popular People in 1961
8
Movies - When Are They Set?
More Sports Quizzes
Arsenal 100 Goal Club
Quiz Lab
Trending Quizzes
Risky Map Clicking: Least Populous States A-Z
1-10 Letter G Words
1-10 Letter F Words
Risky Map Clicking: Next State Alphabetically
Adjectives in 80s TV Shows
Recently Updated
Leaping Animals
pecheneg
Reality TV Shows (A-Z)
bhenderson79
Rickey Henderson's Hall of Fame Teammates
pecheneg
Champions League XIs: Arsenal
pecheneg
Quick Pick: Celebrities in WWE's Hall of Fame
aduchscher
A-Z Keypad Blitz II
pecheneg
Multiple Oscar Actors
pecheneg
Mystery Phrase Blitz: Oscar 'Best Actors'
pecheneg
F. Scott Fitzgerald Novels
LTH
Pick 3 Villains
ddd62291
Trending Topics
Harry Potter
Crossword
Kpop
Anime
NBA
Disney
Marvel
Song
Pokémon
The Office
WWE
NFL
Soccer
Puzzle
Country
Your Account Isn't Verified!
In order to create a playlist on Sporcle, you need to verify the email address you used during registration. Go to your
Sporcle Settings
to finish the process.
Report this User
Report this user for behavior that violates our
Community Guidelines
.
Details:
Send Report
Go to the Sporcle.com Mobile Site →
Comments